logo

Bir Sreshtho Munshi Abdur Rouf Library
Jhenaidah Cadet College

Alistair MacLean : (Record no. 6090)

MARC details
000 -LEADER
fixed length control field 00809cam a2200277 i 4500
001 - CONTROL NUMBER
JCCL Control Number 6090
003 - CONTROL NUMBER IDENTIFIER
JCCL marc code BD-JhCC
005 - DATE AND TIME OF LATEST TRANSACTION
control field 20180101185826.0
008 - FIXED-LENGTH DATA ELEMENTS--GENERAL INFORMATION
fixed length control field 760805s1976 cau b 000 0 eng
035 ## - SYSTEM CONTROL NUMBER
system control number (BD-JhCC)6090
040 ## - CATALOGING SOURCE
Original cataloging agency DLC
Transcribing agency DLC
Modifying agency DLC
041 ## - LANGUAGE CODE
Language code of Book eng
050 00 - LIBRARY OF CONGRESS CALL NUMBER
Classification number PR6063.A248
Item number Z75
082 00 - DEWEY DECIMAL CLASSIFICATION NUMBER
Classification number 823/.9/14
Author mark and Year LEE 1976
100 1# - MAIN ENTRY--PERSONAL NAME
Personal name Lee, Robert A.
245 00 - TITLE STATEMENT
Title Alistair MacLean :
Remainder of title the key is fear /
Statement of responsibility, etc Robert A. Lee.
260 ## - PUBLICATION, DISTRIBUTION, ETC. (IMPRINT)
Place of publication, distribution, etc San Bernardino, Calif. :
Name of publisher, distributor, etc Borgo Press,
Date of publication, distribution, etc 1976.
300 ## - PHYSICAL DESCRIPTION
Pagination 252 p. ;
Dimensions 21 cm.
490 0# - SERIES STATEMENT
Series statement Popular writers of today ; v. 2
490 0# - SERIES STATEMENT
Series statement The Milford series
504 ## - BIBLIOGRAPHY, ETC. NOTE
Bibliography, etc Bibliography: p. 59-60.
600 10 - SUBJECT ADDED ENTRY--PERSONAL NAME
Personal name MacLean, Alistair,
Dates associated with a name 1922-1987
General subdivision Criticism and interpretation.
650 ## - SUBJECT ADDED ENTRY--TOPICAL TERM
Topical term or geographic name as entry element Detective and mystery stories
942 ## - ADDED ENTRY ELEMENTS (KOHA)
Source of classification or shelving scheme Dewey Decimal Classification
Koha item type Books
Holdings
Source of classification or shelving scheme Damaged status Not for loan Home library Current library Shelving location Date of accession Total Checkouts Full call number Barcode Date last seen Copy number Koha item type
Dewey Decimal Classification     JCC Rouf Library JCC Rouf Library General Stacks 01/01/2018   823/.9/14 LEE 1976 8510 01/01/2018 C - 1 Books

JCC Library | Contacts | JCC Home

Last Update on 23 September 2017
Copyright @ 2017-2020 JCC Rouf Library
Rouf Library, Jhenidah Cadet College (JCC), Bangladesh